| 000 | 01420nam a2200325 a 4500 | ||
|---|---|---|---|
| 001 | 000044385 | ||
| 003 | DO-SdBNP | ||
| 005 | 20180328091509.0 | ||
| 007 | 000044385 | ||
| 008 | 140626s2009 dr a 000 0 spa d | ||
| 020 | _a9789945406740 | ||
| 040 |
_aBPMSU _bspa _cBPMSU |
||
| 092 |
_aRD863.42 _bH519c, 2009 |
||
| 100 | 1 |
_aHenríquez Ureña, Pedro, _d1884-1946. |
|
| 245 | 1 | 4 |
_aLos cuentos de la nana Lupe / _cPedro Henríquez Ureña ; ilustraciones Braulio Brito Martínez ...[et al.]. |
| 250 | _a3a ed. | ||
| 260 |
_aSanto Domingo : _bFondo Editorial, _c2009 |
||
| 300 |
_a188 P. : _bil. ; _c22 cm. |
||
| 490 |
_aBiblioteca juvenil Tobogán _v; 3 |
||
| 505 | 0 |
_tPresentación -- _tPedro Henríquez Ureña -- _tEn los volcanes -- _tEl jauja -- _tCon las brujas -- _tCon las hormigas y la cigarra -- _tCon el cuervo y el coyote -- _tCon las ranas -- _tCon el León -- _tCon el camello -- _tCon el perro -- _tCon el corderito -- _tCon el gallo y la gallinas -- _tCon el zorro azul -- _tCon la cigüeña -- _tCon el burro -- _tCon el burro y el ratón -- |
|
| 650 | 4 | _aCUENTOS INFANTILES DOMINICANOS | |
| 650 | 4 | _aLITERATURA INFANTIL DOMINICANA | |
| 700 | 1 | 2 |
_aBrito Martínez, Braulio _eil. |
| 830 | _pBiblioteca juvenil Tobogán | ||
| 852 | _n 3 | ||
| 910 | _aValidado. Control de calidad MFF | ||
| 942 |
_2ddc _cBK |
||
| 945 | _a Remanejado para la BNPHU / VM 2018 | ||
| 956 |
_aVMATEO _b10 _c20150918 _lBPMSU _h00151 |
||
| 999 |
_c8266 _d8266 |
||